Štruktúra technických rezerv v komerčnej poisťovni diplomová práca

Na minha lista:
Detalhes bibliográficos
Autor principal: Brzá, Ivana
Autor Corporativo: Fakulta hospodárskej informatiky EU. Katedra účtovníctva a audítorstva
Outros Autores: Juhászová, Zuzana, 1970-
Formato: Livro
Idioma:eslovaco
Publicado em: Bratislava 2017
Tags: Adicionar Tag
Sem tags, seja o primeiro a adicionar uma tag!

MARC

LEADER 00000nbm a2200000 4500
001 0233011
005 20180410100242.9
041 0 |a slo 
044 |a SK 
245 1 0 |a Štruktúra technických rezerv v komerčnej poisťovni  |b diplomová práca  |c Ivana Brzá ; školiteľ: Zuzana Juhászová 
264 1 |a Bratislava  |c 2017 
300 |a 54 s. 
100 1 |a Brzá, Ivana 
700 1 |a Juhászová, Zuzana, 1970- 
710 2 |a Fakulta hospodárskej informatiky EU. Katedra účtovníctva a audítorstva